000 00318nam a2200121Ia 4500
008 220204s9999 xx 000 0 und d
082 _a002.6208
_bCAR
100 _aCartmell, Edward
245 0 _aChemistry for engineers: An introductory course
250 _aEd.2
260 _aLondon
_bButterworths
_c1964
942 _cBK
999 _c22445
_d22445